Statistics for World Cities by Airport Code - #1

Click here to take the quiz!

General Stats

  • This quiz has been taken 38 times
  • The average score is 10 of 15

Answer Stats

HintAnswer% Correct
JFKNew York
94%
MADMadrid
88%
SYDSydney
88%
ISTIstanbul
82%
LHRLondon
82%
BKKBangkok
79%
CDGParis
79%
DELNew Delhi
76%
DXBDubai
61%
JNBJohannesburg
52%
HND/NRTTokyo
52%
FCORome
48%
GRUSao Paulo
45%
SVOMoscow
36%
PVGShanghai
36%

Score Distribution

Percentile by Number Answered

Percent of People with Each Score

Your Score History

You have not taken this quiz